000
00329nam a2200133Ia 4500
008
221030s9999 xx 000 0 und d
041
_a
English
082
_a
105.23
100
_a
M. Nurnberg
245
0
_a
All About Words - An Adult Approach To Vocabulary Building
_c
by M. Nurnberg
260
_c
0
650
_a
B
942
_c
BK
999
_c
11856
_d
11856